000
00296nam a2200121Ia 4500
008
240624s9999 xx 000 0 und d
041
_a
eng
082
_a
050 MAN
100
_a
MANORAMA
245
_a
MANORAMA YEAR BOOK 2011
260
_c
2011
_a
New Delhi
_b
Manorama
300
_a
1038 : p. : cm. ; 20
999
_c
18119
_d
18119